000 01093nmc a2200361 a 4500
003 AR-BaBNM
005 20251128210753.0
008 261020s2000 ||||||||||||||000 | spa||
020 _a987-98201-6-9
040 _cAR-BaBNM
100 1 _aPacheco, Norma Elena
245 1 0 _aDesde la exploración espacial al número
_buna propuesta de enseñanza para nivel inicial
250 _a1ª ed.
260 _aMendoza
_bE.F.E.
_c2000
300 0 _a182 p.
_bil., gráf.
490 0 _aTeoría y práctica
_vv. 3
500 0 _aE.F.E.: Editorial Facultad de Educación Elemental y Especial; Universidad Nacional de Cuyo
500 0 _aContiene referencias bibliográficas
650 4 _aENSENANZA DE LAS MATEMATICAS
650 4 _aNUMEROS
650 4 _aPSICOMOTRICIDAD
650 4 _aPAPEL DEL LENGUAJE
650 4 _aFORMACION DE CONCEPTOS
650 4 _aJUEGO
650 4 _aGEOMETRIA
650 4 _aPERCEPCION DEL ESPACIO
650 4 _aLOGICA
650 4 _aCONCEPTOS MATEMATICOS
653 0 _aEDUCACION INICIAL
700 1 _aPorcar, María Luisa
942 _cBK
998 _cRAQUEL
999 _c16824
_d16824